| 000 | 02124nam0a2200337 4500 | ||
|---|---|---|---|
| 001 | RU\NLR\BIBL_A\022583384 | ||
| 005 | 20260420050647.0 | ||
| 010 |
_a978-5-9669-2405-8 _9300 |
||
| 021 |
_aRU _bКН-П-25-029442 _9КН-П-25-2905 |
||
| 035 | _a(NLR Aleph) 022583384 | ||
| 090 |
_a13677590 _c13677590 |
||
| 100 | _a20250710d2024 k y0rusy50 ca | ||
| 101 | 0 | _arus | |
| 102 | _aRU | ||
| 105 | _aa|||z|||000yy | ||
| 181 | 0 |
_ai3 _baxxe |
|
| 182 | 0 | _an | |
| 200 | 1 |
_aИсследование физических свойств композитных наноматериалов, в том числе их взаимодействие с электромагнитным излучением _eмонография _fИ. В. Запороцкова, Н. П. Борознина, С. В. Борознин [и др.] _gпод общей редакцией доктора физико-математических наук, профессора И. В. Запороцковой _gМинистерство науки и высшего образования Российской Федерации, Федеральное государственное бюджетное образовательное учреждение высшего образования "Волгоградский государственный университет" |
|
| 203 |
_aТекст _bвизуальный _cнепосредственный |
||
| 210 |
_aВолгоград _cИзд-во ВолГУ _d2024 |
||
| 215 |
_a612, [1] с. _cил., табл. _d21 |
||
| 320 | _aБиблиогр.: с. 576-613 (458 назв.) | ||
| 606 | 1 |
_aНанокомпозиционные материалы _xФизические свойства _92601559 _3RU\NLR\AUTH\661538117 |
|
| 686 | 1 | _aЖ366.063 | |
| 701 | 1 |
_aЗапороцкова _bИ. В. _gИрина Владимировна |
|
| 701 | 1 |
_aБорознина _bН. П. _gНаталья Павловна |
|
| 701 | 1 |
_aБорознин _bС. В. _gСергей Владимирович |
|
| 942 | _cBOOK | ||
| 980 | _aNB | ||